| 000 | 00890nam a2200241 a 4500 | ||
|---|---|---|---|
| 001 | 000013364 | ||
| 003 | DO-SdBNP | ||
| 005 | 20230511100333.0 | ||
| 008 | 091123s2006 dr 001 0 spa d | ||
| 020 | _a9945160354 | ||
| 040 |
_aDO-SdBNP _bspa _cBNPHU |
||
| 049 | _aBNPD | ||
| 082 |
_aRD865.44 _bP933C |
||
| 245 | 0 | 3 |
_aEl Presidente Caamaño : _bdiscursos y documentos. |
| 260 |
_aSanto Domingo : _bCPEP, _c2006. |
||
| 300 |
_a330 p. ; _c23 cm. |
||
| 490 | 1 |
_aComisión Permanente de Efemérides Patria ; _vno. 13 |
|
| 500 | _aIncluye datos biográficos deFrancisco Alberto Caamaño Deño en la solapa. | ||
| 650 | 4 |
_aCaamaño deñó, francisco alberto, _d1932-1973 _xDiscursos presidenciales _930568 |
|
| 710 | 1 |
_aRepública Dominicana _bComisión Permanente de Efemérides Patria _945309 |
|
| 830 | 0 |
_aComisión Permanente de Efemérides Patrias ; _vno. 13 _91012 |
|
| 942 |
_2ddc _cLBS1 |
||
| 999 |
_c12991 _d12991 |
||